000
00261 a2200121 4500
001
63511
082
_a
297.23 MUS
090
_c
37524
_d
37524
100
_a
Musarrat Laghari
245
_a
Tari Ankha
260
_a
Rawalpindi
_b
La-Rab Pub
_c
2001
300
_a
320
942
_a
caenust
_k
297.23 MUS
999
_c
298584
_d
298584